00605nam a2200181 a 450000100100000000500170001000800410002702000180006804000250008610000360011124500470014726000340019430000280022849000190025683000260027595201050030199900170040600004440820201002045343.0140627s2007 sp a 000 0 spa d a9788497773959 aDO-SdBNPbspacBNPHU1 aArtigas García, José97242110aCómo combatir la artrosis /cJ. Artigas. aBarcelona :bObelisco,c2007. a170 p. :bil. ;c22 cm.1 aObelisco salud 0aObelisco salud972422 001050718MOaGRbGRcCTd2014-06-27iLF1l0o p44408-10r2020-06-25w2020-06-25y1ZNo se presta c43897d43897